01373nam a22003497a 4500003000500000005001700005008004100022010001000063011001000073035001000083040000900093082001600102100002700118245003300145260005700178300002000235590004100255590004100296590004100337590004100378590004200419650003400461650003400495700003400529901000700563942001000570949006600580949007100646999001700717952014800734952014100882CHAP20220329140305.0971013s1980 r 00010 d a49829 a50801 a54951 cCHAP a631.523bF400aFehr, Walter R.939959 aHybridization of crop plants aMadison, Wis. :bAmerican Society of Agronomy,c1980 a765 p.b: ilus. aBATCH-UPDb10c20130110lUCH01h0557 aBATCH-UPDb10c20130110lUCH01h2341 aBATCH-UPDb10c20130410lUCH01h0238 aBATCH-UPDb10c20130914lUCH01h1355 aCONVERSIONb10c20130109lUCH01h132714aHibridación vegetal.95514514aPlantasxMejoramiento.9888490 aHadley, Henry Hultman.952192 aBK cLIBRO a631.523 F4bBCcLIBROd33724000160560eLIBROh54950i54951si a631.523 F4bBCcLIBROd33724000160578eLIBROfc.2h54951i54951si c49829d49829 00102ddc4052708GRALaBCbBCcPP_GRALd2019-12-31fLIBROl1o631.523 F4p33724000160560r2024-01-22 00:00:00s2023-12-11w2019-12-31yLIBRO 00102ddc4052708GRALaBCbBCcPP_GRALd2019-12-31fLIBROl0o631.523 F4p33724000160578r2019-12-31 00:00:00tc.2w2019-12-31yLIBRO